| 000 | 00403 a2200097 4500 | ||
|---|---|---|---|
| 245 | 0 | 0 |
_aCAMAC Blokowy system oprzyrządowania elektronicznego do pomiarów - automatycznych i sterowania Sygnały analogowe i parametry związane PN-75/T-06531 / _cUrząd Ener.Atom.. |
| 246 | 1 | 3 | _aPN-75/T-06531 |
| 246 | 1 | 3 | _a681.3-523.8:621.398 |
| 260 |
_aWarszawa : _bUrząd Ener.Atom., _c1975. |
||
| 300 |
_a4 stron ; _c30 cm. |
||
| 650 | _aPolska norma | ||
| 999 |
_c21049 _d21049 |
||